000 00189 a2200109 4500
020 _a639277821218
041 _aeng
100 _aAnonimo
245 _aPhonics
942 _cBK
952 _71
999 _c23072
_d23072